Fundamentals of web development / (Record no. 195800)
[ view plain ]
| 000 -LEADER | |
|---|---|
| fixed length control field | 00846nam a2200253Ia 4500 |
| 005 - DATE AND TIME OF LATEST TRANSACTION | |
| control field | 20230519113708.0 |
| 008 - FIXED-LENGTH DATA ELEMENTS--GENERAL INFORMATION | |
| fixed length control field | 210716s2016 xx 000 0 und d |
| 020 ## - INTERNATIONAL STANDARD BOOK NUMBER | |
| International Standard Book Number | 9789332575271 |
| 040 ## - CATALOGING SOURCE | |
| Transcribing agency | AIMIT LIBRARY |
| 041 ## - LANGUAGE CODE | |
| Language code of text/sound track or separate title | eng |
| 082 ## - DEWEY DECIMAL CLASSIFICATION NUMBER | |
| Classification number | 004.602 |
| Edition number | 1 |
| Item number | CONR |
| 100 ## - MAIN ENTRY--PERSONAL NAME | |
| Personal name | Connolly, Randy. |
| 9 (RLIN) | 109590 |
| 245 ## - TITLE STATEMENT | |
| Title | Fundamentals of web development / |
| Statement of responsibility, etc. | By Randy Connolly and Ricardo Hoar. |
| 250 ## - EDITION STATEMENT | |
| Edition statement | 1st ed. |
| 260 ## - PUBLICATION, DISTRIBUTION, ETC. | |
| Place of publication, distribution, etc. | New Delhi : |
| Name of publisher, distributor, etc. | Pearson Education , |
| Date of publication, distribution, etc. | 2016. |
| 300 ## - PHYSICAL DESCRIPTION | |
| Extent | 1023p. ; |
| Other physical details | PB |
| Dimensions | 23 cm |
| 650 ## - SUBJECT ADDED ENTRY--TOPICAL TERM | |
| Topical term or geographic name entry element | Introduction to HTML |
| 9 (RLIN) | 109591 |
| 650 ## - SUBJECT ADDED ENTRY--TOPICAL TERM | |
| Topical term or geographic name entry element | PHP arrays and superglobals |
| 9 (RLIN) | 109592 |
| 650 ## - SUBJECT ADDED ENTRY--TOPICAL TERM | |
| Topical term or geographic name entry element | Working with databases |
| 9 (RLIN) | 109593 |
| 700 ## - ADDED ENTRY--PERSONAL NAME | |
| Personal name | Hoar, Ricardo. |
| 9 (RLIN) | 109594 |
| 700 ## - ADDED ENTRY--PERSONAL NAME | |
| Personal name | Mukherjee, Soumen. |
| Relator term | Contributor. |
| 9 (RLIN) | 109595 |
| 700 ## - ADDED ENTRY--PERSONAL NAME | |
| Personal name | Bhattacharjee, Arup Kumar. |
| Relator term | Contributor. |
| 9 (RLIN) | 109596 |
| 942 ## - ADDED ENTRY ELEMENTS (KOHA) | |
| Source of classification or shelving scheme | Dewey Decimal Classification |
| Koha item type | Book |
| Edition | 1st |
| Call number prefix | 004.602 CONR |
| Withdrawn status | Lost status | Source of classification or shelving scheme | Damaged status | Not for loan | Collection code | Home library | Current library | Date acquired | Source of acquisition | Cost, normal purchase price | Inventory number | Total Checkouts | Full call number | Barcode | Date last seen | Cost, replacement price | Price effective from | Koha item type |
|---|---|---|---|---|---|---|---|---|---|---|---|---|---|---|---|---|---|---|
| Dewey Decimal Classification | MCA | St Aloysius Institute of Management & Information Technology | St Aloysius Institute of Management & Information Technology | 03/08/2017 | Knowledge World | 699.00 | 335: 2017-02-28 | 004.602 CONR | MCA15313 | 07/21/2025 | 545.22 | 07/16/2021 | Book | |||||
| Dewey Decimal Classification | MCA | St Aloysius Institute of Management & Information Technology | St Aloysius Institute of Management & Information Technology | Book Paradise | 739.00 | Bill no:87931; Bill dt:2018-03-2 | 004.602 CONR | MCA15891 | 07/21/2025 | 517.30 | 07/16/2021 | Book | ||||||
| Dewey Decimal Classification | MCA | St Aloysius Institute of Management & Information Technology | St Aloysius Institute of Management & Information Technology | Book Paradise | 739.00 | Bill no:87931; Bill dt:2018-03-2 | 004.602 CONR | MCA15892 | 07/21/2025 | 517.30 | 07/16/2021 | Book |